MUSIKCHARTS: Deutsche TOP-100-Jahrescharts 1995 - Statistiken

Allgemein
  • Dieses Quiz wurde 105 mal gespielt
  • Das Durchschnittsergebnis liegt bei 31 aus 100
Antwortstatistiken
Platz Interpret Lied % Korrekt
30 Michael Jackson You Are Not Alone
89%
48 Michael Jackson Earth Song
89%
2 Coolio feat. L.V. Gangsta's Paradise
82%
3 Rednex Wish You Were Here
75%
13 Rednex Cotton Eye Joe
75%
16 Rednex Old Pop In An Oak
75%
95 Michael Jackson & Janet Jackson Scream
74%
4 The Cranberries Zombie
74%
15 Die Fantastischen Vier Sie ist weg
67%
7 Take That Back For Good
67%
74 Take That Never Forget
67%
28 Die Doofen Mief! (Nimm mich jetzt, auch wenn ich stinke!)
57%
79 Elton John Circle Of Life
55%
42 Die Ärzte Ein Song namens Schunder
54%
65 Janet Jackson Whoops Now
54%
26 Shaggy Boombastic
54%
38 TLC Waterfalls
53%
5 Scatman John Scatman (Ski-Ba-Bop-Ba-Dop-Bop)
52%
11 Scatman John Scatman's World
52%
40 Green Day Basket Case
51%
43 The Kelly Family An Angel
51%
67 The Kelly Family Roses Of Red
51%
47 Die Prinzen Du musst ein Schwein sein
49%
66 Seal Kiss From A Rose
49%
1 Vangelis Conquest Of Paradise
48%
60 DJ BoBo Freedom
46%
71 DJ BoBo There Is A Party
46%
89 DJ BoBo Love Is All Around
46%
9 La Bouche Be My Lover
44%
57 La Bouche Fallin' In Love
44%
97 Fettes Brot Nordisch By Nature
43%
6 Bryan Adams Have You Ever Really Loved A Woman?
41%
77 Bon Jovi This Ain't A Love Song
39%
87 Bon Jovi Always
39%
18 Offspring Self Esteem
39%
73 Madonna Take A Bow
38%
52 U2 Hold Me, Thrill Me, Kiss Me, Kill Me
38%
55 Scooter Friends
34%
56 Scooter Move Your Ass!
34%
70 Scooter Endless Summer
34%
64 Die Schlümpfe Schlumpfen Cowboy Joe
30%
32 East 17 Stay Another Day
30%
8 Mark 'Oh Tears Don't Lie
30%
41 Mark 'Oh Droste, hörst du mich?
30%
20 Adiemus Adiemus
28%
59 Pur Ich lieb' dich (egal wie das klingt)
28%
39 Caught In The Act Love Is Everywhere
26%
84 Caught In The Act My Arms Keep Missing You
26%
69 Smokie Who The F... Is Alice?
26%
62 Céline Dion Think Twice
25%
36 E-Rotic Fred Come To Bed
25%
53 E-Rotic Max Don't Have Sex With Your Ex
25%
76 E-Rotic Sex On The Phone
25%
23 The Connells 74-'75
25%
17 Das Modul Computerliebe
24%
45 Das Modul Kleine Maus
24%
14 Edwyn Collins A Girl Like You
24%
34 Snap! feat. Summer The First The Last Eternity
24%
44 Luniz I Got 5 On It
21%
21 Sin With Sebastian Shut Up (And Sleep With Me)
21%
25 Dune Hardcore Vibes
20%
96 Dune Are You Ready To Fly
20%
29 Ini Kamoze Here Comes The Hotstepper
20%
54 Simply Red Fairground
17%
24 20 Fingers feat. Gillette Short Dick Man
16%
46 20 Fingers feat. Roula Lick It
16%
91 Culture Beat Inside Out
16%
22 Dolls United feat. Jim Knopf & Lukas der Lokomotivführer Eine Insel mit zwei Bergen
16%
63 Charly Lownoise & Mental Theo Stars
15%
33 Sparks When Do I Get To Sing "My Way"
14%
35 Charly Lownoise & Mental Theo Wonderfull Days
13%
98 Mike & The Mechanics Over My Shoulder
13%
19 Technohead I Wanna Be A Hippy
13%
10 Gompie Alice, Who The X Is Alice?
11%
80 Schwester S. Ja klar
11%
27 Andru Donalds Mishale
10%
50 Fun Factory I Wanna B With U
10%
86 Fun Factory Celebration
10%
37 Nightcrawlers Push The Feeling On
10%
72 The Bates Billie Jean
10%
12 The Outhere Brothers Boom Boom Boom
10%
81 Marusha Deep
9%
83 Moby Feeling So Real
9%
49 XXL feat. Peter 'Cool Man' Steiner It's Cool Man
8%
51 N-Trance feat. Ricardo Da Force Stayin' Alive
7%
58 Star Wash Disco Fans
7%
92 Captain Hollywood Project Flying High
6%
82 Dr. Dre Keep Their Heads Ringin'
6%
61 Interactive Forever Young
6%
78 Interactive Living Without Your Love
6%
68 Kenny "Dope" pres. The Bucketheads The Bomb! (These Sounds Fall Into My Mind)
6%
99 Alex Party Don't Give Me Your Life
5%
31 Diana King Shy Guy
5%
100 Jam & Spoon's Hands On Yello You Gotta Say Yes To Another Excess
3%
94 Whigfield Another Day
3%
93 Freak Power Turn On, Tune In, Cop Out
2%
85 RMB Experience (Follow Me)
2%
75 Just Friends Ever And Ever
1%
88 Sandmann's Dummies feat. Pitty Platsch & Schnatte Rienchen Ach du meine Nase
1%
90 Celvin RotaneI Believe (uuh!)
0%
Keine übereinstimmenden Quizze gefunden
Verteilung der Resultate
Anzahl Personen mit jedem Resultat
Perzentil nach korrekt beantworteten Fragen
Ihre Resultats-Entwicklung
Sie haben dieses Quiz noch nicht gespielt